000 00656cab a2200229 4500
001 WB3133-37
008 090401t1995 xxu||||| |||| 00| 0 eng d
035 _a(Sirsi) u61168
041 _aeng
245 _aCut-price Budapest deals
260 _c1995
350 _a0
490 _aDaily Telegraph
_v4 September 1995, 23(1)
520 _aDue to improving office supply and now a lower demand, rental levels in Hungary have levelled.
650 _aBUDAPEST
650 _aHUNGARY
650 _aOFFICE RENTS
690 _aPROPERTY-COMMERCIAL PROPERTY-COMMERCIAL PROPERTY MARKET
690 _aOVERSEAS-EUROPE
942 _n0
948 _c04/03/1997
999 _c37836
_d37836